000
00318nam a2200145Ia 4500
008
230718s9999 xx 000 0 und d
041
_a
Eng.
082
_a
915.9
_b
TUR-I
100
_a
Turner Peter
245
0
_a
Indonesia
260
_a
Pakistan
_b
Michael Grac
_c
1986
300
_a
1004
650
_a
Law
999
_c
26158
_d
26158